000 01048nam a22003257a 4500
001 BR0503754
003 BR-BrBNA
005 20230928101948.0
007 ta
008 230509b bl.||||| |||| 00| 0 por d
040 _aBR-BrBNA
_bpor
_cBiblioteca Nacional de Agricultura
041 _a(Por)
072 _aL01
_b9610
090 _ 9610 BR0503754
100 1 _aFiúza, M.A.
110 1 _aUniversidade Federal de Minas Gerais, Belo Horizonte (Brasil). Escola de Veterinária
_0Tese (Mestre em Zootecnia)
245 1 _aEfeitos das condições ambientais no período entre a postura e o armazenamento de ovos de matrizes pesadas sobre o rendimento de incubação
260 3 _aBelo Horizonte, MG (Brasil):
_c2004.
300 _a25 p.
500 _aSummaries (Eng, Por); 29 ref.; 5 tables
650 _aOVO
650 _aINCUBAÇÃO
650 _aARMAZENAMENTO
650 _aECLODIBILIDADE
650 _aPOSTURA
650 _aTEMPERATURA
650 _aCONDIÇÃO AMBIENTAL
909 _a202309
_bLucia
_c55
_dLucia Elande
942 _cBK
999 _c68438
_d68438